Marcas de coches por emojis. - Estadísticas

Estadísticas generales
  • Esta prueba ha sido intentada 555 veces
    553 desde el último reinicio
  • La puntuación promedio es 12 de 20
Estadísticas de respuestas
Emojis Coche % Correcto
🏎️ 🐎 🔥 Ferrari
98%
⚡ 🔋 🌍 Tesla
83%
🇪🇸 🔴 ⚙️ Seat
80%
🐂 🔥 🏁 Lamborghini
79%
🚗 🦁 🇫🇷 Peugeot
72%
🐆 🏁 🌍 Jaguar
70%
🔴 ⚫ ⭕ Audi
68%
🚙 🛠️ 🇺🇸 Ford
67%
🔱 🏎️ 🇮🇹 Maserati
67%
🚗 🌸 🇯🇵 Toyota
65%
💠 🇫🇷 🔧 Renault
63%
🌍 🌀 🇩🇪 Volkswagen
61%
🐍 🇮🇹 🏁 Alfa Romeo
51%
👑 🛞 💎 Rolls-Royce
50%
🏎️ 🛞 🏁 Porsche
43%
⭐ 💼 ☮️ Mercedes-Benz
42%
🐏 🇺🇸 🔥 Dodge
34%
🚗 ✨ 🌌 Subaru
31%
🛡️ ⚙️ 🇸🇪 Volvo
31%
🇬🇧 ⚙️ 🏁 Mini
27%
No se encontraron pruebas coincidentes
Distribución de puntuación
Porcentaje de gente con cada puntuación
Porcentaje por número respondido
Historial de tus puntuaciones
No has intentado esta prueba desde el último reinicio